000 01112cam a22003377a 4500
003 CHAP
005 20220817042552.0
008 971013s1984 r 00010 d
010 _a48371
011 _a49343
035 _a53491
040 _cCHAP
090 _aFolleto 8648
100 0 0 _aTorre Vizcaíno, Juan Diego de la.
_9114010
245 0 _aGuía para cultivar aguacate en El Bajío
260 _aCelaya, Gto. :
_bINIA. Campo Agrícola Experimental El Bajío,
_c1984
300 _a26 p.
_b: ilus.
490 0 _aFolleto para productores
_v; 10
500 _ac.4-6 en bodega
590 _aBATCH-UPD
_b10
_c20130110
_lUCH01
_h1734
590 _aBATCH-UPD
_b10
_c20130410
_lUCH01
_h1115
590 _aBATCH-UPD
_b10
_c20130913
_lUCH01
_h2302
590 _aCONVERSION
_b10
_c20130109
_lUCH01
_h1326
650 1 4 _aAguacate.
_92490
830 0 _aFolleto para productores
_v; 10
901 _aBK
942 _cFOLL
949 _aFolleto 8648
_bBC
_cFOLL
_d-118587
_eTS1
_i53491
_si
949 _aFolleto 8648
_bBC
_cFOLL
_d-118588
_eTS2
_fc.2
_i53491
_si
949 _aFolleto 8648
_bBC
_cFOLL
_d-118589
_eTS2
_fc.3
_i53491
_si
999 _c48371
_d48371